000 00649nam a2200229Ia 4500
005 20250508170033.0
008 008 250505s9999 xx 000 0 eng d
020 _a0-495-12524-5
037 _aTextual
040 _aFEDL
_beng
_cFEDL
041 _aeng
_2eng
084 _a370.1, SUZ
_qFEDL
100 _aSuzuki Shoko Ed.
_9782793
245 0 _aMimesis, poiesis and performativity in education
260 _aNew York, USA
_bWaxmann
_c2007
300 _a216p.
490 _vV. 25
546 _aGifted by Prof. Anita Rampal
700 _a Wulf Christoph Ed.
_9782794
942 _cTEXL
_h370.1, SUZ
999 _c1398836
_d1398836